000
00276nam a2200133Ia 4500
100
_a
Ahmed/ A.S./ Nielsen/ J.H.
942
_c
BK
654
_a
Tool
245
_a
Tool engineering
260
_b
Astme
_a
Michigan
_c
1968
082
_a
658.5
300
_a
104
546
_a
ENGLISH
999
_c
29593
_d
29593